• 首页
  • 本馆介绍
  • 公告通知
  • 最新文献
  • 馆藏检索
  • 电子资源
  • 读者导购
  • 参考咨询
  • 我的图书馆
  • 登录
  • 详细信息显示
  • 放入我的书架
  • 预约/预借图书
  • 作者相关作品
  • 分类相关作品
  • 丛书相关作品
  • 出版社相关作品

书目信息

  • 表格格式
  • 工作单格式
  • 卡片格式
题名:
建国以来政治经济学重要问题争论
    
 
作者: ;《经济研究》编辑部 , 《经济学动态》编辑部 编
分册:  
出版信息: 北京   中国财政经济出版社  1981.6
页数: 463页
开本: 20cm
丛书名:
单 册:
中图分类: F0
科图分类:
主题词: 政治经济学
电子资源:
ISBN:
000 00740nam0 2200217 45
001 0211180801
005 20060801111654.64
010    @dCNY1.45
091    @a3166.045
100    @a20021118d1981 km y0chiy0120 ea
101 0  @achi
200 1  @a建国以来政治经济学重要问题争论@AJian Guo Yi Lai Zheng Zhi Jing Ji Xue Zhong Yao Wen Ti Zheng Lun@e1949-1980@f《经济研究》编辑部,《经济学动态》编辑部编@F《Jing Ji Yan Jiu》Bian Ji Bu,《Jing Ji Xue Dong Tai》Bian Ji BuBian
210    @a北京@c中国财政经济出版社@d1981.6
215    @a463页@d20cm
517    @a1949-1980
606 0  @a政治经济学
690    @aF0@v3
711 02 @a《经济研究》编辑部@4编
711 02 @a《经济学动态》编辑部@4编
801    @aCN@bTSTC@c20060801
905    @dF0@e102@f1@b176542
    
    建国以来政治经济学重要问题争论:1949-1980/《经济研究》编辑部,《经济学动态》编辑部编.-北京:中国财政经济出版社,1981.6
    463页;20cm
    
    
    ISBN :CNY1.45
    
●
相关链接 在E读中查询图书 在五车中查询图书 在当当中查询图书 在豆瓣中查询图书


正题名:建国以来政治经济学重要问题争论     索取号:F0/102         预约/预借

序号 登录号 条形码 馆藏地/架位号 状态 备注
1 0075890   001656265   密集书库/ [索取号:F0/102] 在馆    
2 0075891   001656274   密集书库/ [索取号:F0/102] 在馆    
3 0075893   001269807   密集书库/ [索取号:F0/102] 在馆    
4 0075894   001656256   密集书库/ [索取号:F0/102] 在馆    
5 0094772   001268933   密集书库/ [索取号:F0/102] 在馆    
6 0094773   001268951   密集书库/ [索取号:F0/102] 在馆    
7 0094774   001268942   密集书库/ [索取号:F0/102] 在馆    
8 0094775   000194872   密集书库/ [索取号:F0/102] 在馆    
9 0094776   000194863   密集书库/ [索取号:F0/102] 在馆    
10 0169491   001269790   密集书库/ [索取号:F0/102] 在馆    
11 0169492   001269834   密集书库/ [索取号:F0/102] 在馆    
12 0169494   001269816   密集书库/ [索取号:F0/102] 在馆    
13 0169495   001269825   密集书库/ [索取号:F0/102] 在馆    
14 0176542   002031090   密集书库/ [索取号:F0/102] 在馆    
15 0176543   001268960   密集书库/ [索取号:F0/102] 在馆    
16 0176544   001268988   密集书库/ [索取号:F0/102] 在馆    
17 0176545   001268979   第一借阅区/ [索取号:F0/102] 在馆    
18 0176546   001268997   第一样本阅览室/ [索取号:F0/102] 在馆    
19 0441220   204412206   密集书库/ [索取号:F0/102] 在馆    
20 0441221   204412215   密集书库/ [索取号:F0/102] 在馆    
唐山师范学院图书馆 欢迎您!
大连网信软件有限公司© 版权所有